|
|
|
|
| LEADER |
00000nam0a2200000 4500 |
| 001 |
297534 |
| 005 |
20231102001022.0 |
| 020 |
|
|
|a RU
|b 84-58873
|
| 035 |
|
|
|a (RuTPU)RU\TPU\book\322667
|
| 090 |
|
|
|a 297534
|
| 100 |
|
|
|a 20150609d1984 km y0rusy5003 ca
|
| 101 |
0 |
|
|a rus
|
| 102 |
|
|
|a RU
|
| 105 |
|
|
|a a z 001zy
|
| 200 |
1 |
|
|a Расчет железобетонных инженерных сооружений на температурные воздействия
|f А. П. Кричевский
|
| 210 |
|
|
|a Москва
|c Стройиздат
|d 1984
|
| 215 |
|
|
|a 149 с.
|c ил.
|
| 320 |
|
|
|a Библиогр.: с. 144-148
|
| 606 |
1 |
|
|a Железобетонные конструкции
|x Расчет,проектирование,конструирование
|2 stltpush
|3 (RuTPU)RU\TPU\subj\10663
|9 37703
|
| 610 |
1 |
|
|a тепловой расчет
|
| 610 |
1 |
|
|a температурные воздействия
|
| 610 |
1 |
|
|a прочность
|
| 610 |
1 |
|
|a деформативые свойства
|
| 610 |
1 |
|
|a температурные усилия
|
| 610 |
1 |
|
|a напряжения
|
| 610 |
1 |
|
|a трещиностойкость
|
| 610 |
1 |
|
|a дымовые трубы
|
| 610 |
1 |
|
|a силосы
|
| 675 |
|
|
|a 624.012.45.04
|z rus
|v 3
|
| 700 |
|
1 |
|a Кричевский
|b А. П.
|g Александр Павлович
|4 070
|
| 801 |
|
0 |
|a RU
|b RuMRKP
|c 19950704
|g psbo
|
| 801 |
|
1 |
|a RU
|b 63413507
|c 20150609
|
| 801 |
|
2 |
|a RU
|b 63413507
|c 20190130
|g RCR
|
| 942 |
|
|
|c BK
|